000
00246nam a2200097Ia 4500
008
170619s9999 xx 000 0 und d
100
_a
LATHI- B P
245
0
_a
MODERN DIGITAL AND ANALOG COMMUNICATION SYSTEM
260
_b
NEW YOR; OXFORD
260
_c
2007
546
_a
ENGLISH
999
_c
18481
_d
18481